| 000 | 00470nam a2200181Ia 4500 | ||
|---|---|---|---|
| 001 | 43052 | ||
| 008 | 140425s9999 xx 000 0 und d | ||
| 020 | _aNA | ||
| 040 | _cPK-LaUMT | ||
| 082 |
_aRHC 891.4393 _bSAL-S |
||
| 100 | _aSaleem Agha Qazalbash | ||
| 245 |
_aSubah honay tak (Urdu) _cSaleem Agha Qazalbash |
||
| 260 |
_aSargodha,Pakistan: _bMaktaba-e-Nirdban, _c1995 |
||
| 300 | _a228 p. | ||
| 546 | _aUR | ||
| 650 | _aPakistani literature-Urdu | ||
| 942 | _cBK | ||
| 999 |
_c41063 _d41063 |
||